000 00412nam a2200181Ia 4500
005 20250423094909.0
008 250422s9999 xx 000 0 und d
020 _a9789351453673
050 _aKN 74 .G6/
100 _aGopal, S.
245 0 _aConveyancing precedents and forms
250 _a6th ed.
260 _aindia
260 _bEastern book coy.
260 _c2016
300 _a648 p
942 _cBK
999 _c28627
_d28627